Central Library OPAC University of Rajshahi

অচিন্ত্যকুমার রচনাবলী / (Record no. 43843)

MARC details
000 -LEADER
fixed length control field 01022nam a2200241 a 4500
001 - CONTROL NUMBER
control field 43843
003 - CONTROL NUMBER IDENTIFIER
rucl marc code BD-RjUL
005 - DATE AND TIME OF LATEST TRANSACTION
control field 20211209053748.0
008 - FIXED-LENGTH DATA ELEMENTS--GENERAL INFORMATION
fixed length control field 160628s1974 ii ||||| |||| 00| 0 ben d
020 ## - INTERNATIONAL STANDARD BOOK NUMBER
Terms of availability : Tk. 20.00
035 ## - SYSTEM CONTROL NUMBER
System control number (BD-RjUL)43961
040 ## - CATALOGING SOURCE
Original cataloging agency BD-RjUL
Language of cataloging ben
Transcribing agency BD-RjUL
041 ## - LANGUAGE CODE
Language code of text/sound track or separate title ben
082 ## - DEWEY DECIMAL CLASSIFICATION NUMBER
Edition number 23
Classification number 891.4408
Author mark and year SEA 1974
100 ## - MAIN ENTRY--PERSONAL NAME
Personal name সেনগুপ্ত, অচিন্ত্যকুমার
9 (RLIN) 116540
245 ## - TITLE STATEMENT
Title অচিন্ত্যকুমার রচনাবলী /
Statement of responsibility, etc. অচিন্ত্যকুমার সেনগুপ্ত
260 ## - PUBLICATION, DISTRIBUTION, ETC. (IMPRINT)
Place of publication, distribution, etc. কলকাতা :
Name of publisher, distributor, etc. গ্রন্থালয় প্রাঃ লিঃ,
Date of publication, distribution, etc. ১৯৭৪
300 ## - PHYSICAL DESCRIPTION
Pagination খন্ড ;
Size ২২ সেমি.
505 0# - FORMATTED CONTENTS NOTE
Formatted contents note খন্ড. ১. -- খন্ড --২ খন্ড. ৩. -- খন্ড. ৪ -- খন্ড. ৫. --
650 ## - SUBJECT ADDED ENTRY--TOPICAL TERM
Topical term or geographic name as entry element বাংলা সাহিত্য
Form subdivision সংগ্রহ
9 (RLIN) 118114
Topical term or geographic name as entry element Bengali literature
Form subdivision Collection work
9 (RLIN) 118115
942 ## - ADDED ENTRY ELEMENTS (KOHA)
Source of classification or shelving scheme Dewey Decimal Classification
Koha item type Books
Holdings
Lost status Source of classification or shelving scheme Damaged status Not for loan Collection code Permanent Location Current Location Shelving location Date acquired Source of acquisition Cost, normal purchase price Total Checkouts Full call number Date last seen Date checked out Copy number Koha item type
  Dewey Decimal Classification     Non-fiction Central Library, University of Rajshahi Central Library, University of Rajshahi   09/01/1974 Uttarbanga Library, Rajshahi 50.00 1 B 891.4408 SEA V-1 1974 13/03/2024 28/11/2023 C-2 Books
  Dewey Decimal Classification   Not For Loan Non-fiction Central Library, University of Rajshahi Central Library, University of Rajshahi Reading Room 09/01/1978 Aligorh library 50.00   B 891.4408 SEA V-3 1976 26/02/2017   C-1 Books
  Dewey Decimal Classification   Not For Loan Non-fiction Central Library, University of Rajshahi Central Library, University of Rajshahi Reading Room 09/01/1978 Uttorbanga Library : Rajshahi 50.00   B 891.4408 SEA V-4 1974 26/02/2017   C-1 Books
  Dewey Decimal Classification   Not For Loan Non-fiction Central Library, University of Rajshahi Central Library, University of Rajshahi Reading Room 09/01/1978 Uttorbanga Library , Rajshahi 50.00   B 891.4408 SEA V-5 1975 27/02/2017   C-1 Books
  Dewey Decimal Classification   Not For Loan Non-fiction Central Library, University of Rajshahi Central Library, University of Rajshahi Reading Room 09/01/1978 Uttorbanga Library , Rajshahi 50.00   B 891.4408 SEA V-2 1975 09/04/2017   C-1 Books